000 00462nam a2200181Ia 4500
008 210707s1984 xx 000 0 und d
041 _aeng
082 _a657.046 GUPS
100 _aGUPTA (R L)
245 _aSolutions in advanced accounting. Rev Ed 4.
250 _a4
260 _aNew Delhi.
_bSultan Chand & Sons
_c1984
300 _ax,S854 p
365 _b40
_cINR
563 _aPB
650 _aAccountancy
906 _aProblems, Advanced Accountancy
999 _c180308
_d180308